| 000 | 00926nam a22002537a 4500 | ||
|---|---|---|---|
| 005 | 20170711120913.0 | ||
| 008 | 170711b xxu||||| |||| 00| 0 eng d | ||
| 020 |
_a9789352533367 _c850.00 |
||
| 035 | _aB-667989 | ||
| 037 |
_bTechniz _adpl |
||
| 037 | _bDBAD/PUB | ||
| 040 |
_adpl _bEng |
||
| 082 | _a657.42 | ||
| 100 |
_aTulsian, P.C. _919358 |
||
| 245 |
_aTulsian's cost accounting for CA-IPC (group-1) / _cby P.C. Tulsian [and] Bharat Tulsian |
||
| 250 | _a9th ed | ||
| 260 |
_aNew Delhi _bS.Chand _c2016 |
||
| 270 |
_a7361, Ram Nagar _bNew Delhi _e110055 |
||
| 300 |
_avarious pagings _c24cm(pbk) |
||
| 505 | _aFree with quick revision book B-667989A | ||
| 700 | _aTulsian, Bharat | ||
| 942 |
_2ddc _cEN _h657.42 _mTUL |
||
| 999 |
_c142428 _d142428 |
||